| 000 | 00774cab a2200241 4500 | ||
|---|---|---|---|
| 001 | WB3041-55 | ||
| 008 | 090401t1994 xxu||||| |||| 00| 0 eng d | ||
| 035 | _a(Sirsi) u27966 | ||
| 041 | _aeng | ||
| 245 | _aReturns low in forest investment | ||
| 260 | _c1994 | ||
| 350 | _a0 | ||
| 490 |
_aFinancial Times _v4 November 1994, 9(1) |
||
| 520 | _aInvestment in forests has shown a return of 4% over the past 16 years, next to 11.4% from commercial property according to a study from the Investment Property Databank. | ||
| 650 | _aFOREST INVESTMENT | ||
| 650 | _aFORESTRY INDUSTRY COMMITTEE | ||
| 650 | _aFORESTRY | ||
| 650 | _aINVESTMENT PROPERTY DATABANK | ||
| 650 | _aPRIVATELY OWNED FORESTS | ||
| 690 | _aRURAL PRACTICE | ||
| 942 | _n0 | ||
| 948 | _c04/03/1997 | ||
| 999 |
_c18856 _d18856 |
||